[Event "MP Reykjavik Open 2011"]
[Site "Reykjavik ISL"]
[Date "2011.03.12"]
[Round "5.28"]
[White "Bjornsson, Tomas"]
[Black "Debashis, Das"]
[Result "0-1"]
[WhiteElo "2158"]
[BlackElo "2398"]
[PlyCount "150"]
[EventDate "2011.03.09"]
[EventType "swiss"]
[EventRounds "9"]
[EventCountry "ISL"]
[Source "lmi"]
[SourceDate "2011.03.09"]

1. e4 c5 2. Nf3 e6 3. d4 cxd4 4. Nxd4 a6 5. Bd3 Bc5 6. Nb3 Be7 7. O-O d6 8. Nc3
Nd7 9. f4 Ngf6 10. a4 b6 11. Be3 Bb7 12. Kh1 Qc7 13. Qe2 h5 14. f5 e5 15. Qf3
h4 16. Rfd1 Rc8 17. Nd2 Nc5 18. Bxc5 Qxc5 19. Nb3 Qc7 20. Nd2 h3 21. g3 Qc5 22.
Nb3 Qb4 23. a5 b5 24. Re1 d5 25. Nxd5 Nxd5 26. exd5 O-O 27. Qe4 Rc4 28. Bxc4
bxc4 29. Nd4 exd4 30. Qxe7 Qxb2 31. Qe4 Rd8 32. Kg1 Bxd5 33. Qe7 Ra8 34. Qc5
Be4 35. Qxc4 Qxc2 36. Qxc2 Bxc2 37. Kf2 Rd8 38. Ke2 Bxf5 39. Kd2 Rb8 40. Re5
Rb2+ 41. Ke1 Bg4 42. Ra4 Rxh2 43. Rxd4 Be6 44. Rd2 Rh1+ 45. Kf2 g6 46. Kf3 Ra1
47. g4 Ra3+ 48. Kf4 Ra4+ 49. Re4 Rxa5 50. Rd3 Kg7 51. Rxh3 Bxg4 52. Rb3 Be6 53.
Rbb4 Rf5+ 54. Kg3 a5 55. Rb6 Rg5+ 56. Kf2 Rc5 57. Ra4 Bd7 58. Rd4 Bb5 59. Rb7
Bc4 60. Ra7 Bb3 61. Rd6 a4 62. Kg3 Kh6 63. Kf4 Rf5+ 64. Kg4 Rf1 65. Rb6 Rc1 66.
Kh4 Rc3 67. Kg4 a3 68. Rba6 a2 69. Kf4 Rc1 70. Ra5 Rf1+ 71. Kg3 f5 72. Kg2 Rc1
73. Kg3 Kg5 74. Kf3 Rc3+ 75. Kf2 Kf4 0-1

[Event "MP Reykjavik Open 2011"]
[Site "Reykjavik ISL"]
[Date "2011.03.12"]
[Round "5.29"]
[White "Thomassen, Joachim"]
[Black "Spaan, Nathanael"]
[Result "1-0"]
[WhiteElo "2396"]
[BlackElo "2228"]
[PlyCount "133"]
[EventDate "2011.03.09"]
[EventType "swiss"]
[EventRounds "9"]
[EventCountry "ISL"]
[Source "lmi"]
[SourceDate "2011.03.09"]

1. e4 c5 2. Nf3 d6 3. d4 cxd4 4. Nxd4 Nf6 5. Nc3 a6 6. g3 e5 7. Nde2 Be7 8. Bg2
O-O 9. O-O Nbd7 10. a4 b6 11. h3 Bb7 12. g4 Nc5 13. Ng3 Re8 14. g5 Nfd7 15. h4
g6 16. Nd5 Bf8 17. Be3 Ne6 18. Ne2 Bg7 19. c3 Rc8 20. Qb3 Nec5 21. Qc2 a5 22.
Rad1 Ba6 23. c4 Ne6 24. b3 b5 25. axb5 Bxb5 26. Ndc3 Bc6 27. Rxd6 Qc7 28. Rd2
Nf4 29. Rfd1 Nxg2 30. Kxg2 f5 31. f3 Qb7 32. Nd5 fxe4 33. fxe4 Bxd5 34. Rxd5
Nf8 35. Rxa5 Rb8 36. Rb5 Qc8 37. Rxb8 Qg4+ 38. Ng3 Rxb8 39. Qe2 Qxe2+ 40. Nxe2
Rxb3 41. Kf2 Rb4 42. Rc1 Ne6 43. Kf3 Kf7 44. c5 Ke8 45. Rc2 Rb3 46. Kf2 Bf8 47.
Nc1 Ra3 48. Rc4 Kd7 49. Ke2 Nd8 50. Nd3 Nc6 51. Rc1 Ra2+ 52. Kf3 Ra3 53. Rd1
Kc7 54. Kg4 Ra4 55. Nf2 Nb4 56. Rc1 Kc6 57. h5 Ra3 58. Nd1 Nd3 59. Rc3 Rxc3 60.
Nxc3 Bxc5 61. Bxc5 Kxc5 62. Nd5 Kd4 63. Nf6 Nf2+ 64. Kf3 Nh3 65. Nxh7 Nxg5+ 66.
Nxg5 gxh5 67. Kg3 1-0

[Event "MP Reykjavik Open 2011"]
[Site "Reykjavik ISL"]
[Date "2011.03.12"]
[Round "5.30"]
[White "Tiller, Bjorn"]
[Black "Omarsson, Dadi"]
[Result "1/2-1/2"]
[WhiteElo "2393"]
[BlackElo "2214"]
[PlyCount "83"]
[EventDate "2011.03.09"]
[EventType "swiss"]
[EventRounds "9"]
[EventCountry "ISL"]
[Source "lmi"]
[SourceDate "2011.03.09"]

1. b4 e5 2. Bb2 d6 3. c4 f5 4. e3 Nf6 5. g3 g6 6. Ne2 Be6 7. d3 Nbd7 8. Bg2 c6
9. Nbc3 Bg7 10. Qd2 O-O 11. O-O Kh8 12. f4 Qe7 13. Rae1 Rae8 14. b5 e4 15. bxc6
exd3 16. Nd4 bxc6 17. e4 Bxc4 18. exf5 Qd8 19. Bxc6 gxf5 20. Kh1 Qc8 21. Qg2
Rxe1 22. Rxe1 Nc5 23. Re7 Rf7 24. Re1 h6 25. Ncb5 Bf8 26. Nb3 Kh7 27. Bxf6 Rxf6
28. Nd2 d5 29. Nd4 Bxa2 30. Bxd5 Bxd5 31. Qxd5 Qb7 32. Qxb7+ Nxb7 33. Kg2 Bb4
34. Rd1 Ra6 35. Kf3 Kg6 36. N2b3 Ra2 37. Rxd3 Rxh2 38. Nc6 Bf8 39. Nxa7 Nc5 40.
Rd8 Be7 41. Rd2 Rxd2 42. Nxd2 1/2-1/2

[Event "MP Reykjavik Open 2011"]
[Site "Reykjavik ISL"]
[Date "2011.03.12"]
[Round "5.31"]
[White "Devereaux, Maxim L"]
[Black "Halldorsson, Jon Arni"]
[Result "0-1"]
[WhiteElo "2385"]
[BlackElo "2195"]
[PlyCount "120"]
[EventDate "2011.03.09"]
[EventType "swiss"]
[EventRounds "9"]
[EventCountry "ISL"]
[Source "lmi"]
[SourceDate "2011.03.09"]

1. Nf3 d5 2. b3 c5 3. e3 Nc6 4. Bb5 Bd7 5. Bb2 e6 6. c4 dxc4 7. Bxc4 Nf6 8. O-O
Be7 9. Be2 O-O 10. Na3 Nd5 11. Nc4 Bf6 12. Qc1 Bxb2 13. Qxb2 Qf6 14. Nfe5 Nxe5
15. Nxe5 Rfd8 16. f4 Be8 17. Rac1 b6 18. a3 Qe7 19. Bf3 Rac8 20. Be4 f6 21. Nf3
Bb5 22. Rf2 a5 23. h3 Nc7 24. Qb1 g6 25. g4 Ne8 26. g5 f5 27. Bc2 Nd6 28. Rd1
Bc6 29. Ne5 Nf7 30. Nxc6 Rxc6 31. h4 Rcd6 32. b4 axb4 33. axb4 c4 34. b5 Rd5
35. e4 Rd4 36. exf5 exf5 37. Kh2 h6 38. Bxf5 gxf5 39. Qxf5 Qe4 40. Qxe4 Rxe4
41. Ra1 hxg5 42. hxg5 Rd5 43. Ra4 Nd6 44. Kh3 Rxb5 45. Kg4 Ra5 46. Rb4 b5 47.
Rb1 Ra2 48. Rh2 c3 49. Rh6 Rxd2 50. Rbh1 c2 51. Rh8+ Kf7 52. R8h7+ Ke6 53.
R7h6+ Kd5 54. g6 Rf2 55. R6h5+ Kc4 56. Rg5 Rfxf4+ 57. Kh5 Nf5 58. g7 Rh4+ 59.
Rxh4 Rxh4+ 60. Kg6 Nxg7 0-1

[Event "MP Reykjavik Open 2011"]
[Site "Reykjavik ISL"]
[Date "2011.03.12"]
[Round "5.32"]
[White "Arngrimsson, Dagur"]
[Black "Saemundsson, Bjarni"]
[Result "0-1"]
[WhiteElo "2367"]
[BlackElo "1923"]
[PlyCount "42"]
[EventDate "2011.03.09"]
[EventType "swiss"]
[EventRounds "9"]
[EventCountry "ISL"]
[Source "lmi"]
[SourceDate "2011.03.09"]

1. e4 e5 2. Nf3 Nc6 3. Bc4 Nf6 4. d3 Be7 5. Bb3 d6 6. c3 Bg4 7. Nbd2 O-O 8. Nf1
Re8 9. h3 Be6 10. Ng5 Bxb3 11. Qxb3 d5 12. Qxb7 Qd7 13. exd5 Nxd5 14. Qb3 Bxg5
15. Bxg5 Nf4 16. O-O-O Nxd3+ 17. Kc2 e4 18. Ne3 Rab8 19. Qa3 Re5 20. Nc4 Rxg5
21. g4 Qe6 0-1

[Event "MP Reykjavik Open 2011"]
[Site "Reykjavik ISL"]
[Date "2011.03.12"]
[Round "5.33"]
[White "Horn, Emilia"]
[Black "Johannesson, Ingvar Thor"]
[Result "1/2-1/2"]
[WhiteElo "2031"]
[BlackElo "2338"]
[PlyCount "91"]
[EventDate "2011.03.09"]
[EventType "swiss"]
[EventRounds "9"]
[EventCountry "ISL"]
[Source "lmi"]
[SourceDate "2011.03.09"]

1. e4 e6 2. d4 d5 3. Nc3 Bb4 4. e5 c5 5. a3 Bxc3+ 6. bxc3 Ne7 7. h4 Qa5 8. Bd2
Nbc6 9. h5 Bd7 10. h6 gxh6 11. Nf3 O-O-O 12. a4 Ng8 13. Bb5 f6 14. exf6 Nxf6
15. Bxc6 Bxc6 16. Rxh6 Rdf8 17. Qe2 Bd7 18. Ne5 Be8 19. f3 Rhg8 20. Nd3 c4 21.
Nf4 Bd7 22. Kf2 Qd8 23. Rah1 Qe7 24. a5 Qg7 25. Kf1 Qf7 26. Bc1 Rg7 27. Qe5 Qe7
28. Ke1 Rgf7 29. R6h4 Ne8 30. g4 Nc7 31. R4h3 Nb5 32. Bd2 Qd6 33. Ne2 Qxe5 34.
dxe5 Rxf3 35. Rxf3 Rxf3 36. Rxh7 d4 37. cxd4 Na3 38. Ng1 Nxc2+ 39. Kd1 Rf1+ 40.
Kxc2 Rxg1 41. Rh8+ Kc7 42. g5 Rg3 43. Rh7 Kc8 44. Rh8+ Kc7 45. Rh7 Kc8 46. Rh8+
1/2-1/2

[Event "MP Reykjavik Open 2011"]
[Site "Reykjavik ISL"]
[Date "2011.03.12"]
[Round "5.34"]
[White "Henrichs, Thomas"]
[Black "Ingvason, Johann"]
[Result "1-0"]
[WhiteElo "2480"]
[BlackElo "2135"]
[PlyCount "95"]
[EventDate "2011.03.09"]
[EventType "swiss"]
[EventRounds "9"]
[EventCountry "ISL"]
[Source "lmi"]
[SourceDate "2011.03.09"]

1. c4 e6 2. Nf3 d5 3. g3 c6 4. Bg2 Nd7 5. Qc2 Ngf6 6. O-O Be7 7. d4 O-O 8. Nbd2
Re8 9. e4 dxe4 10. Nxe4 Nxe4 11. Qxe4 Qb6 12. Rd1 c5 13. Qe2 cxd4 14. Nxd4 Nc5
15. Be3 e5 16. Nb5 a6 17. Nc3 Qg6 18. Nd5 Ne6 19. Nxe7+ Rxe7 20. Bc5 Re8 21.
Qxe5 f6 22. Qd5 Kh8 23. Be3 Ng5 24. h4 Be6 25. Qd4 Nf7 26. Bxb7 Rad8 27. Qc3
Bg4 28. Rxd8 Rxd8 29. Bf4 Bc8 30. Bd5 Nd6 31. Qa5 Qe8 32. Re1 Qf8 33. Qc5 h6
34. h5 Nf5 35. Qxf8+ Rxf8 36. Kg2 Bd7 37. Re4 Rc8 38. g4 g5 39. hxg6 Nh4+ 40.
Kg3 Nxg6 41. Bxh6 Kh7 42. Bd2 f5 43. gxf5 Bxf5 44. Re1 Bd3 45. Bc3 Nf8 46. Bf7
Rc6 47. f4 Nd7 48. Re7 1-0

[Event "MP Reykjavik Open 2011"]
[Site "Reykjavik ISL"]
[Date "2011.03.12"]
[Round "5.35"]
[White "Ariel, Donny"]
[Black "Herms Agullo, Jordi"]
[Result "1-0"]
[WhiteElo "2389"]
[BlackElo "2098"]
[PlyCount "29"]
[EventDate "2011.03.09"]
[EventType "swiss"]
[EventRounds "9"]
[EventCountry "ISL"]
[Source "lmi"]
[SourceDate "2011.03.09"]

1. e4 c5 2. Nf3 d6 3. Nc3 g6 4. d4 cxd4 5. Qxd4 Nf6 6. e5 dxe5 7. Qxd8+ Kxd8 8.
Nxe5 Be6 9. Bg5 Bg7 10. O-O-O+ Nfd7 11. Nxd7 Nxd7 12. Bb5 Bxc3 13. bxc3 Rc8 14.
Rhe1 Re8 15. Rxe6 1-0

[Event "MP Reykjavik Open 2011"]
[Site "Reykjavik ISL"]
[Date "2011.03.12"]
[Round "5.36"]
[White "Kristinsson, Ogmundur"]
[Black "Sigfusson, Sigurdur"]
[Result "0-1"]
[WhiteElo "2099"]
[BlackElo "2336"]
[PlyCount "94"]
[EventDate "2011.03.09"]
[EventType "swiss"]
[EventRounds "9"]
[EventCountry "ISL"]
[Source "lmi"]
[SourceDate "2011.03.09"]

1. b3 Nf6 2. Bb2 d5 3. Nf3 Bg4 4. e3 Nbd7 5. d4 e6 6. Nbd2 Ne4 7. h3 Bh5 8. a3
f5 9. Be2 Bxf3 10. Bxf3 Bd6 11. Nxe4 fxe4 12. Bh5+ g6 13. Bg4 Qe7 14. c4 c6 15.
Qc2 O-O 16. Bc3 h5 17. c5 Bc7 18. Be2 Qg5 19. h4 Qxg2 20. O-O-O Qxf2 21. Qd2
Bh2 22. Bxh5 Qxd2+ 23. Rxd2 gxh5 24. Rhxh2 Nf6 25. Rde2 Ng4 26. Rhg2 Kh7 27.
Be1 Rf1 28. Kc2 Raf8 29. b4 R8f3 30. Kd2 Rh1 31. a4 Rhh3 32. Bf2 Nxf2 33. Rexf2
Rxh4 34. Rxf3 exf3 35. Rg3 Rh2+ 36. Kd3 Rf2 37. e4 Ra2 38. Rxf3 Ra3+ 39. Ke2
Rxf3 40. Kxf3 dxe4+ 41. Kxe4 Kg6 42. b5 h4 43. a5 a6 44. bxa6 bxa6 45. Ke5 h3
46. Kxe6 h2 47. d5 h1=Q 0-1

[Event "MP Reykjavik Open 2011"]
[Site "Reykjavik ISL"]
[Date "2011.03.12"]
[Round "5.37"]
[White "Schaefer, Reyk"]
[Black "Getz, Nicolai"]
[Result "0-1"]
[WhiteElo "2133"]
[BlackElo "2333"]
[PlyCount "58"]
[EventDate "2011.03.09"]
[EventType "swiss"]
[EventRounds "9"]
[EventCountry "ISL"]
[Source "lmi"]
[SourceDate "2011.03.09"]

1. d4 f5 2. g3 Nf6 3. Bg2 d6 4. Nf3 g6 5. c3 Bg7 6. Qb3 c6 7. O-O Qb6 8. c4 Be6
9. Nc3 Nbd7 10. Ng5 Bg8 11. Rd1 h6 12. Nh3 Bf7 13. Qxb6 Nxb6 14. b3 O-O-O 15.
Bb2 g5 16. Rac1 Nbd7 17. f3 Bg6 18. f4 Ng4 19. Rd3 Ndf6 20. b4 e5 21. dxe5 dxe5
22. Rcd1 Rxd3 23. Rxd3 e4 24. Rd6 Bf7 25. c5 Ne8 26. Rd2 Ne3 27. Nd1 Bxb2 28.
Nxb2 g4 29. Nf2 Nxg2 0-1

[Event "MP Reykjavik Open 2011"]
[Site "Reykjavik ISL"]
[Date "2011.03.12"]
[Round "5.38"]
[White "Larusson, Petur Atli"]
[Black "Michalczak, Thomas"]
[Result "1-0"]
[WhiteElo "2095"]
[BlackElo "2332"]
[PlyCount "57"]
[EventDate "2011.03.09"]
[EventType "swiss"]
[EventRounds "9"]
[EventCountry "ISL"]
[Source "lmi"]
[SourceDate "2011.03.09"]

1. e4 e5 2. Nf3 d6 3. Bc4 Be7 4. O-O Nf6 5. Nc3 O-O 6. h3 Nxe4 7. Nxe4 d5 8.
Bb3 dxe4 9. Nxe5 Qd4 10. Nxf7 Rxf7 11. Bxf7+ Kxf7 12. Qh5+ Kf8 13. Qxh7 Nd7 14.
d3 Nf6 15. Qh8+ Kf7 16. Bg5 b6 17. Bxf6 Bxf6 18. dxe4 Qxe4 19. Qh5+ g6 20. Qh7+
Bg7 21. Rfe1 Qb4 22. c3 Qc5 23. Re3 Bf5 24. Rae1 Qf8 25. g4 Qh8 26. Re7+ Kf6
27. f4 Be4 28. R1xe4 Qxh7 29. R4e6# 1-0

[Event "MP Reykjavik Open 2011"]
[Site "Reykjavik ISL"]
[Date "2011.03.12"]
[Round "5.39"]
[White "Geske, Julian"]
[Black "Mihajlov, Svetoslav"]
[Result "1/2-1/2"]
[WhiteElo "2329"]
[BlackElo "2087"]
[PlyCount "160"]
[EventDate "2011.03.09"]
[EventType "swiss"]
[EventRounds "9"]
[EventCountry "ISL"]
[Source "lmi"]
[SourceDate "2011.03.09"]

1. e4 c5 2. Nf3 e6 3. Nc3 a6 4. d4 cxd4 5. Nxd4 Qc7 6. g3 Nc6 7. Bg2 Nxd4 8.
Qxd4 Ne7 9. Bf4 Nc6 10. Qxg7 Bxg7 11. Bxc7 b5 12. f4 Ra7 13. Bd6 Bb7 14. Bc5
Bxc3+ 15. bxc3 Ra8 16. c4 Na5 17. cxb5 axb5 18. a4 Nc4 19. Bd4 O-O 20. O-O bxa4
21. Rfb1 Bc6 22. Rb4 Na5 23. e5 Bxg2 24. Kxg2 Rac8 25. c3 Nb3 26. Raxa4 Nxd4
27. cxd4 Rc2+ 28. Kh3 Rd2 29. Rb7 Rd8 30. Kg4 Rd3 31. f5 Kg7 32. Kf4 Rd1 33. g4
Rf1+ 34. Ke4 d5+ 35. exd6 Rxd6 36. Ra3 Rd1 37. Rd3 Re1+ 38. Re3 Rd1 39. Rb4
exf5+ 40. gxf5 Kf6 41. Ra4 h5 42. Rc4 Rd2 43. Rh3 Re2+ 44. Kd3 Re5 45. Rxh5
Rxf5 46. Rh6+ Ke7 47. Rc7+ Rd7 48. Rxd7+ Kxd7 49. Ke4 Ra5 50. Rf6 Ke7 51. Rf5
Ra2 52. Rh5 Ke6 53. Rh6+ f6 54. h4 Ra1 55. d5+ Ke7 56. Rh5 Kf7 57. Rh8 Kg7 58.
Rd8 Re1+ 59. Kd4 Rh1 60. d6 Rxh4+ 61. Kd5 Kf7 62. Kc6 Rc4+ 63. Kd7 f5 64. Rc8
Rd4 65. Rc6 f4 66. Kc7 Ke6 67. Rc1 f3 68. Re1+ Kf5 69. d7 Rc4+ 70. Kd8 Kf4 71.
Rd1 Ra4 72. Ke7 Ra7 73. Ke6 Ra8 74. d8=Q Rxd8 75. Rxd8 f2 76. Kd5 Ke3 77. Rf8
Ke2 78. Re8+ Kd1 79. Rf8 Ke2 80. Rxf2+ Kxf2 1/2-1/2

[Event "MP Reykjavik Open 2011"]
[Site "Reykjavik ISL"]
[Date "2011.03.12"]
[Round "5.40"]
[White "Rehfeldt, Frank"]
[Black "Stigar, Petter"]
[Result "1/2-1/2"]
[WhiteElo "2091"]
[BlackElo "2328"]
[PlyCount "24"]
[EventDate "2011.03.09"]
[EventType "swiss"]
[EventRounds "9"]
[EventCountry "ISL"]
[Source "lmi"]
[SourceDate "2011.03.09"]

1. e4 c5 2. Nf3 Nc6 3. d4 cxd4 4. Nxd4 g6 5. c4 Nf6 6. Nc3 d6 7. Be2 Bg7 8. Be3
O-O 9. O-O Nxd4 10. Bxd4 Bd7 11. f3 a5 12. Nd5 Nxd5 1/2-1/2

[Event "MP Reykjavik Open 2011"]
[Site "Reykjavik ISL"]
[Date "2011.03.12"]
[Round "5.41"]
[White "Kovachev, Daniel Jakobsen"]
[Black "Salewski, Bernd"]
[Result "1/2-1/2"]
[WhiteElo "2307"]
[BlackElo "2056"]
[PlyCount "97"]
[EventDate "2011.03.09"]
[EventType "swiss"]
[EventRounds "9"]
[EventCountry "ISL"]
[Source "lmi"]
[SourceDate "2011.03.09"]

1. e4 e6 2. d4 d5 3. Nd2 Nf6 4. e5 Nfd7 5. c3 c5 6. Bd3 Nc6 7. Ne2 cxd4 8. cxd4
f6 9. exf6 Nxf6 10. Nf3 Bd6 11. O-O Qc7 12. g3 O-O 13. Bf4 Bd7 14. Rc1 Ne4 15.
Bxe4 dxe4 16. Ng5 Bxf4 17. Nxf4 Rxf4 18. gxf4 Qxf4 19. Nh3 Qf6 20. Re1 Nxd4 21.
Rxe4 e5 22. Re3 Rf8 23. Qf1 Bc6 24. Rxc6 Qxc6 25. Rc3 Qd5 26. Qc4 Qxc4 27. Rxc4
Nc6 28. b4 a6 29. a4 h6 30. Kg2 Rf7 31. b5 axb5 32. axb5 Nd4 33. f4 Nxb5 34.
Rc5 Nd4 35. Rxe5 Rf5 36. Re8+ Rf8 37. Re4 Rd8 38. Re7 Rb8 39. Rd7 Nf5 40. Kf3
Kf8 41. Ke4 Ne7 42. Nf2 b5 43. Nd3 b4 44. Rc7 b3 45. Rc1 Nc8 46. Rb1 Nd6+ 47.
Kd5 Nf5 48. Nc5 Kf7 49. Rxb3 1/2-1/2

[Event "MP Reykjavik Open 2011"]
[Site "Reykjavik ISL"]
[Date "2011.03.12"]
[Round "5.42"]
[White "Piasetski, Leon"]
[Black "Hajenius, Willem"]
[Result "1-0"]
[WhiteElo "2299"]
[BlackElo "2028"]
[PlyCount "47"]
[EventDate "2011.03.09"]
[EventType "swiss"]
[EventRounds "9"]
[EventCountry "ISL"]
[Source "lmi"]
[SourceDate "2011.03.09"]

1. c4 f5 2. Nf3 Nf6 3. g3 g6 4. Bg2 Bg7 5. O-O O-O 6. d4 d6 7. Nc3 c6 8. Rb1 a5
9. d5 Bd7 10. Be3 h6 11. c5 dxc5 12. Ne5 Kh7 13. dxc6 bxc6 14. Bxc5 Qc7 15.
Nxd7 Qxd7 16. Qxd7 Nfxd7 17. Bxe7 Re8 18. Bd6 Ra6 19. Rfd1 Nf6 20. e3 Nbd7 21.
Na4 Ra7 22. Bxc6 Ne4 23. Nc5 Nxd6 24. Rxd6 1-0

[Event "MP Reykjavik Open 2011"]
[Site "Reykjavik ISL"]
[Date "2011.03.12"]
[Round "5.43"]
[White "Thorsteinsdottir, Hallgerdur"]
[Black "Gislason, Gudmundur"]
[Result "0-1"]
[WhiteElo "2011"]
[BlackElo "2291"]
[PlyCount "58"]
[EventDate "2011.03.09"]
[EventType "swiss"]
[EventRounds "9"]
[EventCountry "ISL"]
[Source "lmi"]
[SourceDate "2011.03.09"]

1. e4 c5 2. Nf3 e6 3. c3 Nf6 4. e5 Nd5 5. d4 d6 6. Bc4 Nc6 7. O-O cxd4 8. cxd4
Be7 9. Qe2 O-O 10. Nc3 Nxc3 11. bxc3 dxe5 12. dxe5 Qc7 13. Qe4 b6 14. Bd3 g6
15. Ng5 Bb7 16. Qh4 Bxg5 17. Bxg5 Nxe5 18. Bh6 Qd8 19. Qg3 Nxd3 20. Rfd1 Ba6
21. Qg4 Qf6 22. Qg3 Rfd8 23. Bg5 Qxc3 24. Qh4 Qd4 25. g4 Bb7 26. Qg3 Nf4 27.
Bxd8 Ne2+ 28. Kf1 Nxg3+ 29. hxg3 Qc4+ 0-1

[Event "MP Reykjavik Open 2011"]
[Site "Reykjavik ISL"]
[Date "2011.03.12"]
[Round "5.44"]
[White "Einarsson, Halldor Gretar"]
[Black "Brynjarsson, Helgi"]
[Result "1-0"]
[WhiteElo "2220"]
[BlackElo "2008"]
[PlyCount "39"]
[EventDate "2011.03.09"]
[EventType "swiss"]
[EventRounds "9"]
[EventCountry "ISL"]
[Source "lmi"]
[SourceDate "2011.03.09"]

1. d4 d5 2. c4 e6 3. Nc3 Nf6 4. Nf3 Nbd7 5. Bf4 c6 6. e3 dxc4 7. Bxc4 b5 8. Bd3
a6 9. O-O c5 10. a4 c4 11. Be4 Nxe4 12. Nxe4 Bb7 13. Qc2 Nb6 14. axb5 axb5 15.
Nc3 Bxf3 16. gxf3 b4 17. Nb5 Rc8 18. Ra7 Nd5 19. Qa4 Nb6 20. Nd6# 1-0

[Event "MP Reykjavik Open 2011"]
[Site "Reykjavik ISL"]
[Date "2011.03.12"]
[Round "5.45"]
[White "Ragnarsson, Johann"]
[Black "Thorsteinsson, Thorsteinn"]
[Result "1-0"]
[WhiteElo "2089"]
[BlackElo "2220"]
[PlyCount "83"]
[EventDate "2011.03.09"]
[EventType "swiss"]
[EventRounds "9"]
[EventCountry "ISL"]
[Source "lmi"]
[SourceDate "2011.03.09"]

1. d4 Nf6 2. c4 g6 3. Nc3 Bg7 4. e4 d6 5. f3 O-O 6. Bg5 c5 7. d5 e6 8. Bd3 exd5
9. Nxd5 Be6 10. Ne2 Bxd5 11. cxd5 Nbd7 12. Qd2 Ne5 13. Rb1 Qc7 14. O-O a6 15.
h3 Rfe8 16. Ng3 b5 17. Be2 c4 18. h4 h5 19. Bxf6 Bxf6 20. f4 Qc5+ 21. Kh1 Ng4
22. Bxg4 hxg4 23. f5 Qd4 24. Qh6 Bg7 25. Qg5 Rxe4 26. Nxe4 Qxe4 27. f6 Bf8 28.
h5 Kh7 29. Rbe1 Qd3 30. Qxg4 Bh6 31. Rf3 Qc2 32. Re7 Rg8 33. Rxf7+ Kh8 34. hxg6
Rxg6 35. Qh3 Kg8 36. Qc8+ Kxf7 37. Qe6+ Kf8 38. Qe7+ Kg8 39. f7+ Kh8 40. f8=Q+
Bxf8 41. Qxf8+ Rg8 42. Rh3+ 1-0

[Event "MP Reykjavik Open 2011"]
[Site "Reykjavik ISL"]
[Date "2011.03.12"]
[Round "5.46"]
[White "Keetbaas, Herman"]
[Black "Vovk, Oksana"]
[Result "0-1"]
[WhiteElo "1991"]
[BlackElo "2204"]
[PlyCount "50"]
[EventDate "2011.03.09"]
[EventType "swiss"]
[EventRounds "9"]
[EventCountry "ISL"]
[Source "lmi"]
[SourceDate "2011.03.09"]

1. e4 e6 2. d4 d5 3. Nc3 Nf6 4. Bg5 Be7 5. e5 Nfd7 6. h4 Bxg5 7. hxg5 Qxg5 8.
Nh3 Qe7 9. Qg4 g6 10. Nf4 Nc6 11. O-O-O h5 12. Qg3 Nb6 13. Bd3 Bd7 14. Nxg6
fxg6 15. Bxg6+ Kd8 16. Rxh5 Rxh5 17. Bxh5 Kc8 18. Ne2 Nc4 19. Nf4 b6 20. Be2
Qb4 21. Nd3 Qa5 22. a3 Nxd4 23. Bg4 Qa4 24. Ne1 c5 25. c3 Qb3 0-1

[Event "MP Reykjavik Open 2011"]
[Site "Reykjavik ISL"]
[Date "2011.03.12"]
[Round "5.47"]
[White "Thorhallsson, Gylfi"]
[Black "Sverrisson, Nokkvi"]
[Result "1-0"]
[WhiteElo "2200"]
[BlackElo "1824"]
[PlyCount "75"]
[EventDate "2011.03.09"]
[EventType "swiss"]
[EventRounds "9"]
[EventCountry "ISL"]
[Source "lmi"]
[SourceDate "2011.03.09"]

1. e4 e6 2. d4 d5 3. Nd2 c5 4. Ngf3 Nf6 5. exd5 exd5 6. dxc5 Bxc5 7. Bd3 O-O 8.
O-O Bg4 9. h3 Bh5 10. Nb3 Bd6 11. Bg5 Nbd7 12. Re1 Qc7 13. Nbd4 a6 14. c3 h6
15. Bxf6 Bxf3 16. Qxf3 Nxf6 17. Nf5 Be5 18. Rad1 Rae8 19. Re2 Bh2+ 20. Kf1 Rxe2
21. Bxe2 Be5 22. Bd3 Re8 23. g4 Bf4 24. Kg2 Qe5 25. Bc2 b5 26. Bb3 Rd8 27. Bc2
Re8 28. a4 b4 29. Rd4 Ne4 30. Rxb4 Bc1 31. Bd3 g6 32. Nd4 a5 33. Rb5 Bxb2 34.
Rxb2 Nxc3 35. Rb7 Rf8 36. Nc6 Qd6 37. Ne7+ Kh7 38. Nxg6 1-0

[Event "MP Reykjavik Open 2011"]
[Site "Reykjavik ISL"]
[Date "2011.03.12"]
[Round "5.48"]
[White "Byron, Alan M"]
[Black "Johannsdottir, Johanna Bjorg"]
[Result "1-0"]
[WhiteElo "2183"]
[BlackElo "1795"]
[PlyCount "107"]
[EventDate "2011.03.09"]
[EventType "swiss"]
[EventRounds "9"]
[EventCountry "ISL"]
[Source "lmi"]
[SourceDate "2011.03.09"]

1. e4 c5 2. Nf3 e6 3. d4 cxd4 4. Nxd4 a6 5. Bd3 Nf6 6. O-O Qc7 7. Qe2 d6 8. c4
g6 9. Nc3 Bg7 10. Nf3 Nbd7 11. Rd1 O-O 12. Bf4 Nh5 13. Be3 b6 14. Rac1 Bb7 15.
b3 Rad8 16. Bg5 Nhf6 17. Bb1 Rfe8 18. Bf4 Nc5 19. b4 e5 20. Bg5 Ne6 21. Nd5 Qb8
22. Nxf6+ Bxf6 23. Bxf6 Rc8 24. g3 h6 25. Qe3 Kh7 26. h4 Nf8 27. Kg2 Nd7 28.
Bg5 hxg5 29. hxg5 Kg7 30. Rh1 Rh8 31. Rh6 Qc7 32. Bd3 Nb8 33. Rch1 Nc6 34. a3
Rce8 35. R1h4 Qd8 36. Bc2 a5 37. b5 Nb8 38. Nh2 Nd7 39. Ng4 Qc8 40. Qd3 Qc7 41.
Nf6 Rc8 42. Rxh8 Rxh8 43. Rxh8 Nxf6 44. Rh4 Nh7 45. f4 Qe7 46. Kf2 Nf8 47. Qe3
Nd7 48. f5 Kg8 49. f6 Qe6 50. Qe2 Nc5 51. Qf1 Bxe4 52. g4 Bxc2 53. Qh3 Ne4+ 54.
Ke3 1-0

[Event "MP Reykjavik Open 2011"]
[Site "Reykjavik ISL"]
[Date "2011.03.12"]
[Round "5.49"]
[White "Antonsson, Atli"]
[Black "Locci, Damiano"]
[Result "0-1"]
[WhiteElo "1830"]
[BlackElo "2177"]
[PlyCount "48"]
[EventDate "2011.03.09"]
[EventType "swiss"]
[EventRounds "9"]
[EventCountry "ISL"]
[Source "lmi"]
[SourceDate "2011.03.09"]

1. d4 d5 2. c4 Nc6 3. Nf3 Bg4 4. Nc3 e6 5. Bg5 Be7 6. Bxe7 Ngxe7 7. Ne5 Nxe5 8.
dxe5 d4 9. Qa4+ c6 10. Ne4 O-O 11. O-O-O b5 12. cxb5 cxb5 13. Qxd4 Rc8+ 14. Nc3
Qa5 15. Qxg4 b4 16. e3 bxc3 17. Bc4 Qb4 18. b3 Qa3+ 19. Kc2 Qb2+ 20. Kd3 Ng6
21. f4 Rfd8+ 22. Ke4 Rxc4+ 23. bxc4 Qb7+ 24. Rd5 Rxd5 0-1

[Event "MP Reykjavik Open 2011"]
[Site "Reykjavik ISL"]
[Date "2011.03.12"]
[Round "5.50"]
[White "Hreinsson, Kristjan"]
[Black "Sahl, Sheila Barth"]
[Result "0-1"]
[WhiteElo "1792"]
[BlackElo "2173"]
[PlyCount "98"]
[EventDate "2011.03.09"]
[EventType "swiss"]
[EventRounds "9"]
[EventCountry "ISL"]
[Source "lmi"]
[SourceDate "2011.03.09"]

1. e4 c5 2. f4 e6 3. Nf3 Nc6 4. Nc3 d5 5. e5 Nge7 6. a3 d4 7. Ne4 Nd5 8. g3 a6
9. h4 Qc7 10. c4 Nb6 11. d3 h6 12. Bd2 Be7 13. Bh3 Bd7 14. Rb1 O-O 15. h5 Rae8
16. b4 cxb4 17. axb4 f6 18. c5 Nd5 19. Nd6 Bxd6 20. exd6 Qc8 21. Qb3 Kh7 22.
O-O Ne3 23. Bxe3 dxe3 24. d4 e5 25. Bxd7 Qxd7 26. Qxe3 Qg4 27. Kg2 Qxh5 28. d5
Nd8 29. Rh1 Qf5 30. Nh4 Qc2+ 31. Qf2 Qe4+ 32. Qf3 Qc2+ 33. Kh3 exf4 34. Qxf4
Re5 35. Rbc1 Qa2 36. Qc4 Qxc4 37. Rxc4 Rxd5 38. Re1 Nc6 39. Nf3 h5 40. Re2 Rd3
41. Kg2 Rd8 42. Ree4 Rb3 43. Nd4 Rb2+ 44. Kh3 Ne5 45. Rxe5 fxe5 46. Ne6 Rg8 47.
Re4 g5 48. g4 Kg6 49. gxh5+ Kf5 0-1

[Event "MP Reykjavik Open 2011"]
[Site "Reykjavik ISL"]
[Date "2011.03.12"]
[Round "5.51"]
[White "Finnbogadottir, Tinna Kristin"]
[Black "Andersson, Christin"]
[Result "0-1"]
[WhiteElo "1791"]
[BlackElo "2163"]
[PlyCount "46"]
[EventDate "2011.03.09"]
[EventType "swiss"]
[EventRounds "9"]
[EventCountry "ISL"]
[Source "lmi"]
[SourceDate "2011.03.09"]

1. e4 e6 2. d4 d5 3. e5 c5 4. c3 Nc6 5. Nf3 f6 6. Bb5 Bd7 7. exf6 Nxf6 8. Bxc6
Bxc6 9. Ne5 Bd6 10. Bg5 O-O 11. O-O Qc7 12. f4 Ne4 13. Bh4 Qb6 14. b3 cxd4 15.
cxd4 Bb5 16. Rf3 Be2 17. Qxe2 Qxd4+ 18. Kh1 Qxa1 19. Rf1 Bxe5 20. Nd2 Qxa2 21.
Rd1 Bxf4 22. Be1 Bxd2 23. Bxd2 Nf2+ 0-1